Экспериментальное исследование динамики распада вещества при импульсном нагреве жидкости и электрическом взрыве проводников; Интерэкспо Гео-Сибирь; Т. 5, № 1
| Parent link: | Интерэкспо Гео-Сибирь/ Сибирская государственная геодезическая академия (СГГА).— , 2005- Т. 5, № 1.— 2013.— [С. 172-177] |
|---|---|
| Outros Autores: | , , , , |
| Resumo: | Заглавие с экрана В работе экспериментально установлены закономерности образования и распада метастабильного состояния перегретой жидкости, получены закономерности распада вещества при электрическом взрыве проводников. Исследование распада метастабильной жидкости проведено при характерных временах перевода в метастабильное состояние от 1 до 4 мкс, во взрывающихся проводниках до 200 нс. Изучение распада веществ с кардинально различными характерными временами перевода в метастабильное состояние позволило выработать общий подход к описанию этого процесса. Режим доступа: по договору с организацией-держателем ресурса |
| Idioma: | russo |
| Publicado em: |
2013
|
| Assuntos: | |
| Acesso em linha: | http://elibrary.ru/item.asp?id=19410975& |
| Formato: | Recurso Electrónico Capítulo de Livro |
| KOHA link: | https://koha.lib.tpu.ru/cgi-bin/koha/opac-detail.pl?biblionumber=653392 |
MARC
| LEADER | 00000naa0a2200000 4500 | ||
|---|---|---|---|
| 001 | 653392 | ||
| 005 | 20250227115311.0 | ||
| 035 | |a (RuTPU)RU\TPU\network\18833 | ||
| 035 | |a RU\TPU\network\15278 | ||
| 090 | |a 653392 | ||
| 100 | |a 20170301d2013 k||y0rusy50 ca | ||
| 101 | 0 | |a rus | |
| 102 | |a RU | ||
| 135 | |a drcn ---uucaa | ||
| 181 | 0 | |a i | |
| 182 | 0 | |a b | |
| 200 | 1 | |a Экспериментальное исследование динамики распада вещества при импульсном нагреве жидкости и электрическом взрыве проводников |f И. А. Козулин [и др.] | |
| 203 | |a Текст |c электронный | ||
| 300 | |a Заглавие с экрана | ||
| 320 | |a [Библиогр.: 5 назв.] | ||
| 330 | |a В работе экспериментально установлены закономерности образования и распада метастабильного состояния перегретой жидкости, получены закономерности распада вещества при электрическом взрыве проводников. Исследование распада метастабильной жидкости проведено при характерных временах перевода в метастабильное состояние от 1 до 4 мкс, во взрывающихся проводниках до 200 нс. Изучение распада веществ с кардинально различными характерными временами перевода в метастабильное состояние позволило выработать общий подход к описанию этого процесса. | ||
| 333 | |a Режим доступа: по договору с организацией-держателем ресурса | ||
| 461 | |t Интерэкспо Гео-Сибирь |f Сибирская государственная геодезическая академия (СГГА) |d 2005- | ||
| 463 | |t Т. 5, № 1 |v [С. 172-177] |d 2013 | ||
| 610 | 1 | |a электронный ресурс | |
| 610 | 1 | |a труды учёных ТПУ | |
| 610 | 1 | |a микрожидкостная система | |
| 610 | 1 | |a кипение | |
| 610 | 1 | |a метастабильная жидкость | |
| 610 | 1 | |a взрывное вскипание | |
| 610 | 1 | |a электрический взрыв проводников | |
| 701 | 1 | |a Козулин |b И. А. |g Игорь Анатольевич | |
| 701 | 1 | |a Кузнецов |b В. В, |g Владимир Васильевич | |
| 701 | 1 | |a Орешкин |b В. И. |c специалист в области неразрушающего контроля |c старший научный сотрудник Томского политехнического университета, доктор физико-математических наук |f 1960- |g Владимир Иванович |3 (RuTPU)RU\TPU\pers\33653 | |
| 701 | 1 | |a Ратахин |b Н. А. |c физик |c заведующий кафедрой Томского политехнического университета, доктор физико-математических наук |f 1950- |g Николай Александрович |3 (RuTPU)RU\TPU\pers\35131 | |
| 701 | 1 | |a Русских |b А. Г. |g Александр Геннадьеич | |
| 801 | 2 | |a RU |b 63413507 |c 20170301 |g RCR | |
| 856 | 4 | |u http://elibrary.ru/item.asp?id=19410975& | |
| 942 | |c CF | ||